书目信息 |
| 题名: |
永无止境
|
|
| 作者: | 于亭 , 杨杨 | |
| 分册: | ||
| 出版信息: | 哈尔滨 黑龙江人民出版社 1998.02 |
|
| 页数: | 384页 | |
| 开本: | 32开 | |
| 丛书名: | ||
| 单 册: | ||
| 中图分类: | K837.125.3 | |
| 科图分类: | ||
| 主题词: | 历史 , 地理 | |
| 电子资源: | ||
| ISBN: | 7-207-03892-5 | |
| 000 | 00572nam0 2200217 45 | |
| 001 | 0104160902 | |
| 005 | 20010416095350.8 | |
| 010 | @a7-207-03892-5@d18.60元 | |
| 100 | @a20010416d1998 km y0chiy0120 ea | |
| 101 | 0 | @achi |
| 105 | @a z 000yy | |
| 200 | 1 | @a永无止境@AYong Wu Zhi Jing@f于亭,杨杨@FYu Ting,Yang Yang |
| 210 | @a哈尔滨@c黑龙江人民出版社@d1998.02 | |
| 215 | @a384页@d32开 | |
| 606 | 0 | @a历史 |
| 606 | 0 | @a地理 |
| 690 | @aK837.125.3@v3 | |
| 701 | 0 | @a于亭 |
| 701 | 0 | @a杨杨 |
| 801 | @aCN@bPftUser@c20010416 | |
| 905 | @b338497-498@dK837.125.3@eY.540@f2 | |
| 永无止境/于亭,杨杨.-哈尔滨:黑龙江人民出版社,1998.02 |
| 384页;32开 |
| ISBN 7-207-03892-5:18.60元 |
| ● |
| 相关链接 |
|
|
|
正题名:永无止境
索取号:K837.125.3/Y.540
 
预约/预借
| 序号 | 登录号 | 条形码 | 馆藏地/架位号 | 状态 | 备注 |
| 1 | 338497 | 203384970 | 社科库309/309社科库 4排1列5层/ [索取号:K837.125.3/Y.540] | 在馆 | |
| 2 | 338498 | 203384989 | 社科库309/309社科库 4排1列5层/ [索取号:K837.125.3/Y.540] | 在馆 |